<?xml version="1.0" encoding="UTF-8"?>
<collection xmlns="http://www.loc.gov/MARC21/slim">
 <record>
  <leader>01436nam a2200325 a 4500</leader>
  <controlfield tag="001">4487</controlfield>
  <controlfield tag="003">BD-DhAAL</controlfield>
  <controlfield tag="005">20220823142804.0</controlfield>
  <controlfield tag="008">150629s2003    bg b     b    000 0 eng  </controlfield>
  <datafield tag="999" ind1=" " ind2=" ">
   <subfield code="c">34883</subfield>
   <subfield code="d">34883</subfield>
  </datafield>
  <datafield tag="010" ind1=" " ind2=" ">
   <subfield code="a">  2003331201</subfield>
  </datafield>
  <datafield tag="020" ind1=" " ind2=" ">
   <subfield code="a">984051668X</subfield>
  </datafield>
  <datafield tag="020" ind1=" " ind2=" ">
   <subfield code="a">9789845061124</subfield>
  </datafield>
  <datafield tag="040" ind1=" " ind2=" ">
   <subfield code="a">DLC</subfield>
   <subfield code="c">DLC</subfield>
   <subfield code="d">DLC</subfield>
   <subfield code="d">BD-DhAAL</subfield>
  </datafield>
  <datafield tag="050" ind1="0" ind2="0">
   <subfield code="a">DS485.B49</subfield>
   <subfield code="b">I56 2003</subfield>
  </datafield>
  <datafield tag="082" ind1="0" ind2="0">
   <subfield code="a">954.1404</subfield>
   <subfield code="2">22</subfield>
  </datafield>
  <datafield tag="245" ind1="0" ind2="0">
   <subfield code="a">Inside Bengal politics, 1936-1947 :</subfield>
   <subfield code="b">unpublished correspondence of partition leaders /</subfield>
   <subfield code="c">Harun-or-Rashid.</subfield>
  </datafield>
  <datafield tag="260" ind1=" " ind2=" ">
   <subfield code="a">Dhaka :</subfield>
   <subfield code="b">University Press,</subfield>
   <subfield code="c">2003 [third impression 2019].</subfield>
  </datafield>
  <datafield tag="300" ind1=" " ind2=" ">
   <subfield code="a">xii, 174 pages :</subfield>
   <subfield code="b">1 map ;</subfield>
   <subfield code="c">22 cm.</subfield>
  </datafield>
  <datafield tag="504" ind1=" " ind2=" ">
   <subfield code="a">Includes bibliographical references.</subfield>
  </datafield>
  <datafield tag="526" ind1=" " ind2=" ">
   <subfield code="a">GenEd</subfield>
  </datafield>
  <datafield tag="541" ind1=" " ind2=" ">
   <subfield code="a">Book Finder International</subfield>
   <subfield code="e">4487, 39408</subfield>
  </datafield>
  <datafield tag="650" ind1=" " ind2="0">
   <subfield code="a">Nationalists</subfield>
   <subfield code="z">India</subfield>
   <subfield code="z">Bengal</subfield>
   <subfield code="v">Correspondence.</subfield>
   <subfield code="9">12627</subfield>
  </datafield>
  <datafield tag="650" ind1=" " ind2="0">
   <subfield code="a">Pakistan movement.</subfield>
   <subfield code="9">12628</subfield>
  </datafield>
  <datafield tag="651" ind1=" " ind2="0">
   <subfield code="a">Bengal (India)</subfield>
   <subfield code="x">History</subfield>
   <subfield code="y">Partition, 1947</subfield>
   <subfield code="v">Sources.</subfield>
   <subfield code="9">12629</subfield>
  </datafield>
  <datafield tag="700" ind1="0" ind2=" ">
   <subfield code="a">Harun-or-Rashid,</subfield>
   <subfield code="d">1954-</subfield>
   <subfield code="9">12630</subfield>
  </datafield>
  <datafield tag="852" ind1=" " ind2=" ">
   <subfield code="a">Savar Campus Library</subfield>
   <subfield code="c">General Stacks</subfield>
  </datafield>
  <datafield tag="942" ind1=" " ind2=" ">
   <subfield code="2">ddc</subfield>
   <subfield code="c">BK</subfield>
  </datafield>
  <datafield tag="952" ind1=" " ind2=" ">
   <subfield code="0">0</subfield>
   <subfield code="1">0</subfield>
   <subfield code="2">ddc</subfield>
   <subfield code="4">0</subfield>
   <subfield code="6">954_000000000000000__1404_INS</subfield>
   <subfield code="7">0</subfield>
   <subfield code="9">54599</subfield>
   <subfield code="a">SCL</subfield>
   <subfield code="b">SCL</subfield>
   <subfield code="c">GEN</subfield>
   <subfield code="d">2015-06-29</subfield>
   <subfield code="g">300.00</subfield>
   <subfield code="l">2</subfield>
   <subfield code="m">4</subfield>
   <subfield code="o">954.1404 INS</subfield>
   <subfield code="p">3020004487</subfield>
   <subfield code="r">2023-11-10</subfield>
   <subfield code="s">2023-10-17</subfield>
   <subfield code="t">1</subfield>
   <subfield code="w">2015-06-29</subfield>
   <subfield code="y">BK</subfield>
  </datafield>
  <datafield tag="952" ind1=" " ind2=" ">
   <subfield code="0">0</subfield>
   <subfield code="1">0</subfield>
   <subfield code="2">ddc</subfield>
   <subfield code="4">0</subfield>
   <subfield code="6">954_140400000000000_INS</subfield>
   <subfield code="7">0</subfield>
   <subfield code="9">71442</subfield>
   <subfield code="a">SCL</subfield>
   <subfield code="b">SCL</subfield>
   <subfield code="c">GEN</subfield>
   <subfield code="d">2022-08-02</subfield>
   <subfield code="e">Book Finder International</subfield>
   <subfield code="g">241.33</subfield>
   <subfield code="l">2</subfield>
   <subfield code="m">3</subfield>
   <subfield code="o">954.1404 INS</subfield>
   <subfield code="p">3020039408</subfield>
   <subfield code="r">2023-08-25</subfield>
   <subfield code="s">2023-08-18</subfield>
   <subfield code="t">2</subfield>
   <subfield code="v">0.00</subfield>
   <subfield code="w">2022-08-02</subfield>
   <subfield code="y">BK</subfield>
  </datafield>
 </record>
</collection>
